000 00668cab a2200229 4500
001 WB3129-23
008 090401t1995 xxu||||| |||| 00| 0 eng d
035 _a(Sirsi) u40911
041 _aeng
245 _aPI helpline to continue
260 _c1995
350 _a0
490 _aRICS Press Release
_v(PR101/95CORP) 19 July 1995, (2)
520 _aThe RICS is continuing its Professional Indemnity Insurance helpline for members.
650 _aHELPLINE
650 _aPROFESSIONAL INDEMNITY INSURANCE
650 _aRICS
690 _aINSURANCE
_96249
690 _aMANAGEMENT-BUSINESS MANAGEMENT-PROFESSIONAL PRACTICE
942 _n0
948 _c04/03/1997
999 _c26231
_d26231